La inspección y el control de la calidad
| Main Author: | |
|---|---|
| Format: | Section = Libro |
| Language: | Undetermined Spanish |
| Published: |
México
Limusa
1969
|
| Subjects: |
| LEADER | 00498nam a2200181Ia 4500 | ||
|---|---|---|---|
| 008 | 240829s9999 xx 000 0 und d | ||
| 040 | |a BIBLIOTECA-RUPAP 658.568 S211 | ||
| 041 | |a spa | ||
| 082 | |a 658.568 S211 | ||
| 100 | 1 | |a Sánchez Sánchez, Antonio | |
| 245 | 1 | 0 | |a La inspección y el control de la calidad |
| 260 | |a México |b Limusa |c 1969 | ||
| 300 | |a 212 p. :il. | ||
| 650 | 7 | |a FABRICAS - INSPECCION | |
| 650 | 7 | |b CONTROL DE CALIDAD. I. Tít. | |
| 942 | |c BK |2 ddc | ||
| 991 | |a TEXTO | ||
| 999 | |c 10005 | ||